| 000 | 00777nam a22001817a 4500 | ||
|---|---|---|---|
| 005 | 20250724114328.0 | ||
| 010 | _aHIN-102241 | ||
| 020 | _c400.00 | ||
| 035 | _aHN-102287 | ||
| 037 | _bDBAD | ||
| 100 |
_aकालिया, बी. डी. _983241 |
||
| 245 |
_aमहादान/ _cबी. डी. कालिया |
||
| 250 | _aप्रथम | ||
| 260 |
_aपंचकुला _bखुशबू पब्लिकेशंस एंड डिस्ट्रीब्यूटर्स _c2023 |
||
| 270 |
_a419, सेक्टर 12, पंचकुला, हरयाणा _bपंचकुला _e134112 _k7087177419 _k9876141912 |
||
| 300 |
_a138 पृ. _c20.8 सेमी (अजिल्द ) |
||
| 942 |
_2ddc _cHN _h824 _mकालिया |
||
| 999 |
_c212534 _d212534 |
||